ESSENTIAL OF COMMUNITY HEALTH NURSING (Record no. 3941)

MARC details
000 -LEADER
fixed length control field 00394nam a2200145Ia 4500
008 - FIXED-LENGTH DATA ELEMENTS--GENERAL INFORMATION
fixed length control field 150201s2004 xx 000 0 und d
082 ## - DEWEY DECIMAL CLASSIFICATION NUMBER
Classification number 614.42
Item number E2004P
100 ## - MAIN ENTRY--PERSONAL NAME
Personal name PARK,K.
245 ## - TITLE STATEMENT
Title ESSENTIAL OF COMMUNITY HEALTH NURSING
250 ## - EDITION STATEMENT
Edition statement 4TH
260 ## - PUBLICATION, DISTRIBUTION, ETC. (IMPRINT)
Name of publisher, distributor, etc. BANARSIDAS BHANOT PUBLISHERS
Place of publication, distribution, etc. JABAL PUR
Date of publication, distribution, etc. 2004
300 ## - PHYSICAL DESCRIPTION
Extent 1-202
650 ## - SUBJECT ADDED ENTRY--TOPICAL TERM
Topical term or geographic name as entry element PREVENTIVE AND COMMUNITY DENTISTRY
942 ## - ADDED ENTRY ELEMENTS (KOHA)
Source of classification or shelving scheme Dewey Decimal Classification
Koha item type Books
Holdings
Withdrawn status Lost status Source of classification or shelving scheme Damaged status Not for loan Home library Current library Date acquired Source of acquisition Cost, normal purchase price Serial Enumeration / chronology SGTU Bill Number Total Checkouts Full call number Barcode Date last seen Bill Date Koha item type
    Dewey Decimal Classification     SGT Dental Library SGT Dental Library 18/02/2008 U.B.S.DELHI 120.00 1 SGTU 1023   614.42 E2004P FD4965 09/02/2015 10/01/2013 Books
    Dewey Decimal Classification     SGT Dental Library SGT Dental Library 18/02/2008 U.B.S.DELHI 120.00 1 SGTU 1023   614.42 E2004P FD4966 09/02/2015 10/01/2013 Books
    Dewey Decimal Classification     SGT Dental Library SGT Dental Library 18/02/2008 U.B.S.DELHI 120.00 1 SGTU 1023   614.42 E2004P FD4967 09/02/2015 10/01/2013 Books
    Dewey Decimal Classification     SGT Dental Library SGT Dental Library 18/02/2008 U.B.S.DELHI 120.00 1 SGTU 1023   614.42 E2004P FD4968 09/02/2015 10/01/2013 Books